| 000 | 00633cam a2200217 4500 | ||
|---|---|---|---|
| 008 | 090401t1999 xxu||||| |||| 00| 0 eng d | ||
| 020 | _a1856042812 | ||
| 035 | _a(Sirsi) u89198 | ||
| 041 | _aeng | ||
| 050 | _a023.5 | ||
| 100 | _aAllan, Barbara | ||
| 245 | _aDeveloping information and library staff through work-based learning : 101 activities. | ||
| 260 |
_aLondon _bLibrary Association Publishing _c1999 |
||
| 300 | _axiv,191p. ; 24cm. | ||
| 350 | _a29.95 | ||
| 650 | _aLIBRARIES | ||
| 650 | _aSTAFF DEVELOPMENT | ||
| 690 | _aMANAGEMENT-BUSINESS MANAGEMENT-PROFESSIONAL PRACTICE | ||
| 942 | _n0 | ||
| 948 | _c21/10/1998 | ||
| 999 |
_c97431 _d97431 |
||